Welcome to Kyiv

Titel: Welcome to Kyiv
Maßstab: circa 1:30 000
Veröffentlicht: [Kyiv?] : "Capital Media Buying", © 2006
Umfang: 1 Karte : farbig ; 29 x 40 cm, auf Blatt 42 x 60 cm, gefaltet 21 x 10 cm
Format: Karte
Sprache: Englisch
Schlagworte:
Kein Bild verfügbar
X
alg: 54297611
001A    $03004:17-03-26 
001B    $03004:17-03-26 $t12:51:49.000 
001D    $03004:17-03-26 
001U    $0utf8 
001X    $00 
002@    $0Kau 
002C    $akartografisches Bild $bcri $2rdacontent 
002D    $aohne Hilfsmittel zu benutzen $bn $2rdamedia 
002E    $aBlatt $bnb $2rdacarrier 
003@    $0542976110 
010@    $aeng 
010E    $erda 
011@    $a2006 $n© 2006 
013D    $RKarte $#Stadtplan $#Ortsplan $#Stadtatlas $#Stadtpläne $74129845-7 $8Stadtplan [Ts1] $9085456683 
021A    $aWelcome to Kyiv 
033A    $p[Kyiv?] $n"Capital Media Buying" 
034D    $a1 Karte 
034I    $a29 x 40 cm, auf Blatt 42 x 60 cm, gefaltet 21 x 10 cm 
034M    $afarbig 
035E    $acirca 1:30 000 
037A    $aNebenkarte: Lines of Metro, 10 x 14 cm 
037A    $aMit touristischen Informationen, Illustrationen und Reklame 
044K    $#Kiew $#Київ $#Kiev $#Kyiv $#Kyjiw $#Kyïv $#Kijew $#Kijów $#Kiyev $#Ḳiev $#Koenugardr $#Kieff $#Kiïv $#Kiebo $#קיעוו $#Киев $74030522-3 $8Kiew [Tg1] $9085080810 
044K    $RReise $RTourismusforschung $RReiseverkehr $#Tourism $#Tourisme $#tourism $#Tourismus $#Tourismus $#Tourismus $#Touristik Fremdenverkehr $#Fremdenverkehr $74018406-7 $8Tourismus [Ts1] $9085043508 
045F    $a910.9477090511 $eDDC23BSB 
045F/01 $a910 
045F/03 $f090511 
045F/03 $g477 
045R    $aGeschichte 2006 
046C    $aKyiv, 2006 $bAbweichender Titel 

lok: 54297611 24

exp: 54297611 24 1 #EPN
201B/01 $017-03-26 $t12:51:19.000 
201C/01 $017-03-26 
201U/01 $0utf8 
203@/01 $01337641219 
208@/01 $a17-03-26 $bz 
209A/01 $aK 42 VIII K 13 $dd $f050 $hK 42 8 K 13 $x00 
209C/01 $aK 2026.00078 K $h26 00078 K 
220C/01 $awei 
247C/01 $8358050-7 Marburg, Bibliothek des Herder-Instituts Marburg $9102600961
LEADER 00000cem a2200000 c 4500
001 542976110
003 DE-603
005 20260317125149.0
007 a|||||||
008 260317s2006 xx |||||| a || | ||eng c
035 |a (DE-599)HEB542976110 
040 |a DE-603  |b ger  |c DE-603  |d DE-603  |e rda 
041 |a eng 
082 0 4 |8 1\u  |a 910.9477090511  |q DE-101  |2 23/BSB 
085 |8 1\u  |b 910 
085 |8 1\u  |z 1  |s 090511 
085 |8 1\u  |z 2  |s 477 
245 0 0 |a Welcome to Kyiv 
246 1 |i Abweichender Titel  |a Kyiv, 2006 
255 |a circa 1:30 000 
264 1 |a [Kyiv?]  |b "Capital Media Buying"  |c © 2006 
300 |a 1 Karte  |b farbig  |c 29 x 40 cm, auf Blatt 42 x 60 cm, gefaltet 21 x 10 cm 
336 |a kartografisches Bild  |b cri  |2 rdacontent 
337 |a ohne Hilfsmittel zu benutzen  |b n  |2 rdamedia 
338 |a Blatt  |b nb  |2 rdacarrier 
500 |a Nebenkarte: Lines of Metro, 10 x 14 cm 
500 |a Mit touristischen Informationen, Illustrationen und Reklame 
648 7 |a Geschichte 2006  |2 gnd 
650 7 |a Tourismus  |0 (DE-588)4018406-7  |0 (DE-603)085043508  |2 gnd 
651 7 |a Kiew  |0 (DE-588)4030522-3  |0 (DE-603)085080810  |2 gnd 
655 7 |a Stadtplan  |2 gnd-content  |0 (DE-588)4129845-7  |0 (DE-603)085456683 
924 0 |9 Mb 50  |a (DE-603)1337641219  |b DE-Mb50  |c HES  |d d  |g K 42 VIII K 13